000 nam a22 7a 4500
999 _c150886
_d150884
005 20191113133840.0
008 190903b mx ||||| |||| 00| 0 spa d
050 0 4 _aH53.A5
_bM87 1979
100 1 _aMurga Frassinetti, Antonio
245 1 4 _aLas ciencias socialies en América Latina
_c/ Antonio Murga Frassinetti, Guillermo Boils Morales
250 _a1a ed.
260 _aMéxico :
_bUniversidad Nacional Autónoma de México,
_c1979
300 _a245 p.
_c21 cm.
490 0 _aLectura ;
_vno. 8
650 7 _2lemb
_aCiencias Sociales
_xHistoria
_zAmérica Latina
700 1 _a Boils Morales, Guillermo,
_eautor
942 _2lcc
_cLIB